MARC details
| 000 -LEADER |
| fixed length control field |
02316nam a22003497a 4500 |
| 001 - CONTROL NUMBER |
| control field |
102247 |
| 003 - CONTROL NUMBER IDENTIFIER |
| control field |
KnowledgeUnlatched |
| 005 - DATE AND TIME OF LATEST TRANSACTION |
| control field |
20210303105030.0 |
| 006 - FIXED-LENGTH DATA ELEMENTS--ADDITIONAL MATERIAL CHARACTERISTICS |
| fixed length control field |
m o d |
| 007 - PHYSICAL DESCRIPTION FIXED FIELD--GENERAL INFORMATION |
| fixed length control field |
cr u|||||||||| |
| 008 - FIXED-LENGTH DATA ELEMENTS--GENERAL INFORMATION |
| fixed length control field |
210129p20142019mau o u00| u eng d |
| 037 ## - SOURCE OF ACQUISITION |
| Institution to which field applies |
BiblioBoard |
| 020 ## - INTERNATIONAL STANDARD BOOK NUMBER |
| International Standard Book Number |
9789004281066 |
| 029 1# - OTHER SYSTEM CONTROL NUMBER (OCLC) |
| OCLC library identifier |
https://library.biblioboard.com/ext/api/media/6c760751-94ec-4c0e-bbb8-60687341b446/assets/thumbnail.jpg |
| 040 ## - CATALOGING SOURCE |
| Original cataloging agency |
ScCtBLL |
| Transcribing agency |
ScCtBLL |
| 100 1# - MAIN ENTRY--PERSONAL NAME |
| Personal name |
Jansson, Dominika Borg |
| Relator term |
author. |
| 245 00 - TITLE STATEMENT |
| Title |
Modern Slavery |
| Remainder of title |
A Comparative Study of the Definition of Trafficking in Persons / |
| Statement of responsibility, etc. |
Dominika Borg Jansson. |
| 264 #1 - PRODUCTION, PUBLICATION, DISTRIBUTION, MANUFACTURE, AND COPYRIGHT NOTICE |
| Name of producer, publisher, distributor, manufacturer |
Brill, |
| 300 ## - PHYSICAL DESCRIPTION |
| Extent |
1 online resource (1 p.) |
| 506 0# - RESTRICTIONS ON ACCESS NOTE |
| Terms governing access |
Access copy available to the general public. |
| Standardized terminology for access restriction |
Unrestricted |
| Source of term |
star |
| 520 ## - SUMMARY, ETC. |
| Summary, etc. |
In Modern Slavery - A Comparative Study of the Definition of Trafficking in Persons Dominika Borg Jansson discusses why, despite international anti-trafficking efforts, there are so few trafficking convictions worldwide. In an easily accessible language, the author explains why international legal harmonization in this area has been difficult. Making use of the concept of legal transplants, Dominika Borg Jansson compares experiences from Sweden, Poland and Russia offering insights into especially Russian legislation that are not widely available. The problems concerning the implementation of the international definition of trafficking are here divided into country-specific challenges and obstacles attributable to the original source. Jansson also addresses the effectiveness of criminalization of trafficking and offers suggestions on how future trafficking legislation might be framed. |
| 588 0# - SOURCE OF DESCRIPTION NOTE |
| Source of description note |
Description based on print version record. |
| 590 ## - LOCAL NOTE (RLIN) |
| Local note |
KU Select 2018: HSS Backlist Books |
| 650 #7 - SUBJECT ADDED ENTRY--TOPICAL TERM |
| Topical term or geographic name entry element |
Political Science |
| Source of heading or term |
bisacsh |
| 650 #0 - SUBJECT ADDED ENTRY--TOPICAL TERM |
| Topical term or geographic name entry element |
Political science |
| 655 #0 - INDEX TERM--GENRE/FORM |
| Genre/form data or focus term |
Electronic books. |
| 758 ## - |
| -- |
Is found in: |
| -- |
Knowledge Unlatched |
| -- |
https://openresearchlibrary.org/module/2774bc74-146a-484f-a7ba-ab1d6a09bbfb |
| 856 40 - ELECTRONIC LOCATION AND ACCESS |
| Uniform Resource Identifier |
<a href="https://openresearchlibrary.org/content/6c760751-94ec-4c0e-bbb8-60687341b446">https://openresearchlibrary.org/content/6c760751-94ec-4c0e-bbb8-60687341b446</a> |
| Public note |
View this content on Open Research Library. |
| -- |
0 |